书目信息 |
| 题名: |
花神
|
|
| 作者: | Vivibear 著 | |
| 分册: | 下 | |
| 出版信息: | 北京 中国戏剧出版社 2009.12 |
|
| 页数: | 331页 | |
| 开本: | 22cm | |
| 丛书名: | ||
| 单 册: | ||
| 中图分类: | I247.5 | |
| 科图分类: | ||
| 主题词: | 长篇小说--中国--当代 | |
| 电子资源: | ||
| ISBN: | 978-7-104-03148-2 | |
| 000 | 00796cam0 2200229 450 | |
| 001 | 012010611052 | |
| 005 | 20100522160525.45 | |
| 009 | 012004418710 | |
| 010 | @a978-7-104-03148-2@dCNY25.00 | |
| 100 | @a20100515d2009 em y0chiy0110 ea | |
| 101 | 0 | @achi |
| 102 | @aCN@b110000 | |
| 105 | @ay z 000ay | |
| 200 | 1 | @a花神@Ahua shen@h下@fVivibear著 |
| 210 | @a北京@c中国戏剧出版社@d2009.12 | |
| 215 | @a331页@d22cm | |
| 330 | @a《花神》内容简介:她慢慢回忆着,那个雏菊丛中作画的少年……不知为什么,尽管已经过去了十年,但那少年的模样在脑海里,却还是如此清晰……他的记忆中,那个穿着粉色衣裙的小女孩,摇荡着两支小辫子,稚嫩的童音在风中甜腻地飘散开来…… | |
| 606 | 0 | @a长篇小说@y中国@z当代 |
| 690 | @aI247.5@v4 | |
| 701 | 0 | @aVivibear@4著 |
| 801 | 0 | @aCN@c20100515 |
| 905 | @dI247.5@eH6481:2@f3 | |
| 花神.下/Vivibear著.-北京:中国戏剧出版社,2009.12 |
| 331页;22cm |
| ISBN 978-7-104-03148-2:CNY25.00 |
| 《花神》内容简介:她慢慢回忆着,那个雏菊丛中作画的少年……不知为什么,尽管已经过去了十年,但那少年的模样在脑海里,却还是如此清晰……他的记忆中,那个穿着粉色衣裙的小女孩,摇荡着两支小辫子,稚嫩的童音在风中甜腻地飘散开来…… |
| ● |
| 相关链接 |
|
|
|
正题名:花神
索取号:I247.5/H6481:2
 
预约/预借
| 序号 | 登录号 | 条形码 | 馆藏地/架位号 | 状态 | 备注 |